000 00472nam a2200181Ia 4500
001 17951
005 20260306171555.0
008 260306s9999||||xx |||||||||||||| ||und||
041 _aESP
082 _a658.3
_bL96
100 _aLuecke, Richard
_eAUT
245 0 _aGestión del desempeño:
_bevalúe y mejore la eficacia de sus colaboradores
260 _c2007
300 _axv, 172 páginas :
_c23 cm.
650 _aGEN
654 _aCAN
942 _cLIB
_dJUS
_fJUS
_2ddc
_n
999 _c17951
_d17951